Missing Word: 1980s Horror Movies Quiz Stats

Quiz Updated Oct 26, 2014

Challenge
Share
Tweet
Embed
Score 0/20 Timer 02:00
1 Play Today
Movie Missing Word % Correct
A Nightmare on ____ StreetElm
99.5%
____ the 13thFriday
99.4%
Prom ____Night
90.8%
An ____ Werewolf in LondonAmerican
90.4%
The Return of the ____ Dead Living
89%
____ SemataryPet
88.3%
____ of the Corn Children
88.1%
Day of the ____Dead
83.7%
Basket ____Case
76.4%
My ____ Valentine Bloody
75.2%
Movie Missing Word % Correct
_____ Night, Deadly NightSilent
66.7%
Sleepaway ____Camp
50.6%
The Lost ____Boys
47.3%
____ OverdriveMaximum
44.6%
Henry: ____ of a Serial KillerPortrait
41.1%
Silver ____Bullet
40.3%
The ____ by the CemeteryHouse
39.4%
____ HolocaustCannibal
23.2%
The ____ of the White WormLair
17.9%
____ TrainTerror
10.2%

Today's Daily Dose

Missing Word
Law Misconceptions

Word Ladder
Easy Math

On This Day
January 20th

You're not logged in!

Compare scores with friends on all Sporcle quizzes.
Sign Up with Email
OR
Log In

You Might Also Like...

Show Comments

Extras

Top Quizzes Today


Score Distribution

Your Account Isn't Verified!

In order to create a playlist on Sporcle, you need to verify the email address you used during registration. Go to your Sporcle Settings to finish the process.